Sports Quiz

Random Sports or College Quiz

College per Bowl Game Quiz Stats

 Plays Quiz not verified by Sporcle

Challenge
Share
Tweet
Embed
Score 0/35 Timer 05:00
0 Plays Today
Bowl Game Colleges % Correct
Tostitos BCS National ChampionshipAuburn vs. Oregon
96.8%
Rose BowlWisconsin vs. TCU
93.5%
Allstate Sugar BowlOhio State vs. Arkansas
85.5%
Discover Orange BowlStanford vs. Virginia Tech
80.6%
Capital One BowlAlabama vs. Michigan State
74.2%
Tostitos Fiesta BowlOklahoma vs. Connecticut
67.7%
AT&T Cotton BowlLSU vs. Texas A&M
66.1%
Sheraton Hawaii BowlHawaii vs. Tulsa
54.8%
MAACO Las Vegas BowlBoise State vs. Utah
53.2%
Outback BowlFlorida vs. Penn State
50%
Hyundai Sun BowlNotre Dame vs. Miami (FL)
46.8%
Chick-fil-A BowlSouth Carolina vs. Florida State
45.2%
New Era Pinstripe BowlSyracuse vs. Kansas State
41.9%
Insight BowlMissouri vs. Iowa
38.7%
Bridgeport Education Holiday BowlNebraska vs. Washington
38.7%
San Diego County Credit Union Poinsettia BowlNavy vs. San Diego State
38.7%
Gator BowlMichigan vs. Mississippi State
37.1%
Bell Helicopter Armed Forces BowlSMU vs. Army
37.1%
Bowl Game Colleges % Correct
Valero Alamo BowlArizona vs. Oklahoma State
35.5%
Texas BowlIllinois vs. Baylor
33.9%
Champs Sports BowlWest Virginia vs. North Carolina State
30.6%
Franklin American Mortgage Music City BowlTennessee vs. North Carolina
30.6%
TicketCity BowlNorthwestern vs. Texas Tech
27.4%
uDrove Humanitarian BowlFresno State vs. Northern Illinois
27.4%
BBVA Compass BowlPittsburgh vs. Kentucky
27.4%
Meineke Car Care BowlClemson vs. South Florida
25.8%
AutoZone Liberty BowlGeorgia vs. UCF
25.8%
Military BowlMaryland vs. East Carolina
25.8%
AdvoCare V100 Independence BowlAir Force vs. Georgia Tech
24.2%
Kraft Fight Hunger BowlBoston College vs. Nevada
22.6%
R+L Carriers New Orleans BowlTroy vs. Ohio
22.6%
Beef 'O' Brady's St. Petersburg BowlLouisville vs. Southern Miss
21%
Little Caesars BowlToledo vs. Florida International
16.1%
New Mexico BowlBYU vs. UTEP
12.9%
GoDaddy.com BowlMiami (Ohio) vs. Middle Tennessee
12.9%

You're not logged in!

Compare scores with friends on all Sporcle quizzes.
OR
Log In

You Might Also Like...

Show Comments

Extras

Top Quizzes Today


Score Distribution

Your Account Isn't Verified!

In order to create a playlist on Sporcle, you need to verify the email address you used during registration. Go to your Sporcle Settings to finish the process.

Report this User

Report this user for behavior that violates our Community Guidelines.

Details: